| 000 | 00621nam a2200193Ia 4500 | ||
|---|---|---|---|
| 003 | OSt | ||
| 005 | 20240801144558.0 | ||
| 008 | 210210b1980 xxu||||| |||| 00| 0 eng d | ||
| 040 | _cAL | ||
| 041 | _akan | ||
| 082 | _aK894.9 MITK | ||
| 100 |
_aMITRA (A R) mattu itararu: _dಮಿತ್ರ ಎ ಆರ್ ಮತ್ತು ಇತರರು _9174793 |
||
| 245 |
_aKumaravyasa:vichara sankirana: _bಕುಮಾರವ್ಯಾಸ ವಿಚಾರ ಸಂಕಿರಣ |
||
| 260 |
_aBengaluru _bKannada Sahitya Parishattu _c1980 |
||
| 300 | _a138,10 | ||
| 690 |
_aKannada Criticism _9174794 |
||
| 906 | _a036755 | ||
| 942 |
_2ddc _cBK |
||
| 999 |
_c87304 _d87304 |
||